000 00653nam a2200205 a 4500
005 20210223124828.0
008 030210s1997 es r 000 0 spa d
020 _a8478807160
035 _aUPN01000121834
049 _aCG
050 4 _aBV4647 T4
_bB6.38
100 1 _aBobbio, Norberto,
_d1909-2004
245 1 0 _aElogio de la templanza y otros escritos morales /
_cNorberto Bobbio ; tr. Francisco Javier Ansuátegui.
260 _aMadrid :
_bTemas de Hoy,
_cc1997.
300 _a245 p.
440 0 _aTemas de hoy.
_pEnsayo
534 _pTraducción de :
_tElogio della mitessa e altri scritti morali
650 4 _aTEMPLANZA
_925689
905 _aLibro
999 _c94047
_d94047